Vplyv emócií na spotrebiteľské správanie bakalárska práca

Salvato in:
Dettagli Bibliografici
Autore principale: Ďurišková, Dominika
Ente Autore: Obchodná fakulta EU. Katedra medzinárodného obchodu
Altri autori: Šášiková, Mária
Natura: Libro
Lingua:slovacco
Pubblicazione: Bratislava 2014
Tags: Aggiungi Tag
Nessun Tag, puoi essere il primo ad aggiungerne!!

MARC

LEADER 00000nbm a2200000 4500
001 0188239
005 20170201100820.7
041 0 |a slo 
044 |a SK 
245 1 0 |a Vplyv emócií na spotrebiteľské správanie  |b bakalárska práca  |c Dominika Ďurišková ; školiteľ: Mária Šášiková 
264 1 |a Bratislava  |c 2014 
300 |a 73 s. 
100 1 |a Ďurišková, Dominika 
700 1 |a Šášiková, Mária 
710 2 |a Obchodná fakulta EU. Katedra medzinárodného obchodu